Atlas en color de citología del cáncer / (Record no. 128395)

MARC details
000 -LEADER
campo de control de longitud fija 00858nam a2200217 i 4500
001 - NÚMERO DE CONTROL
campo de control 128395
003 - IDENTIFICADOR DE NÚMERO DE CONTROL
campo de control ES-MaACL
005 - FECHA Y HORA DE LA ÚLTIMA TRANSACCIÓN
campo de control 20230906193249.0
007 - CAMPO FIJO DE DESCRIPCIÓN FÍSICA--INFORMACIÓN GENERAL
campo de control de longitud fija t|
008 - DATOS DE LONGITUD FIJA--INFORMACIÓN GENERAL
campo de control de longitud fija 070510s1973 sp ||||1| spa d
080 ## - NÚMERO DE LA CLASIFICACIÓN DECIMAL UNIVERSAL
Número de la Clasificación Decimal Universal 616-006.6-091.8(084.4)
100 1# - ENTRADA PRINCIPAL--NOMBRE DE PERSONA
Nombre de persona Takahashi, Masayoshi.
9 (RLIN) 109099
245 10 - MENCIÓN DEL TÍTULO
Título Atlas en color de citología del cáncer /
Mención de responsabilidad, etc. Takahashi Masayoshi ; prólogo para la edición española y revisión por el Dr. Eduardo Vilaplana Vilaplana ; [traducción de la edit.
260 ## - PUBLICACIÓN, DISTRIBUCIÓN, ETC.
Lugar de publicación, distribución, etc. Barcelona :
Nombre del editor, distribuidor, etc. Edit. Científico-Médica,
Fecha de publicación, distribución, etc. 1973.
300 ## - DESCRIPCIÓN FÍSICA
Extensión XI, 353 p. con 55 lám. col. :
Otras características físicas il ;
Dimensiones 31 cm.
650 14 - PUNTO DE ACCESO ADICIONAL DE MATERIA--TÉRMINO DE MATERIA
Término de materia o nombre geográfico como elemento de entrada Células cancerosas-
Subdivisión de forma Atlas.
9 (RLIN) 10871
650 14 - PUNTO DE ACCESO ADICIONAL DE MATERIA--TÉRMINO DE MATERIA
Término de materia o nombre geográfico como elemento de entrada Cáncer-
Subdivisión general Citodiagnóstico-
Subdivisión de forma Atlas.
9 (RLIN) 10717
700 1# - ENTRADA AGREGADA--NOMBRE PERSONAL
Nombre de persona Vilaplana Vilaplana, Eduardo.
9 (RLIN) 114791
700 0# - ENTRADA AGREGADA--NOMBRE PERSONAL
Nombre de persona Colom Bragulat, Juan.
9 (RLIN) 39794
852 ## - LOCALIZACIÓN
Ubicación ES-MaACL
Número de control de estantería C-47211
Sublocalización o colección R.84967
Holdings
Estatus retirado Estado de pérdida Estado de daño No para préstamo Biblioteca de origen Biblioteca actual Ubicación en estantería Fecha de adquisición Fuente de adquisición Total de préstamos Signatura topográfica completa Código de barras Visto por última vez Precio de reemplazo Tipo de ítem Koha
        Biblioteca del Ateneo de Madrid Biblioteca del Ateneo de Madrid Depósito 2 17/01/2008     C-47211 1133724 23/02/2023 23/02/2023 Libro impreso